[Event "TCh-FRA Top 12 2021"]
[Site "Chalons en Champagne FRA"]
[Date "2021.06.28"]
[Round "5.3"]
[Board "3"]
[White "Wirig, Anthony"]
[Black "Real, Thibault"]
[Result "1-0"]
[WhiteTitle "GM"]
[BlackTitle "FM"]
[WhiteElo "2500"]
[BlackElo "2267"]
[WhiteTeam "Grasse Echecs"]
[BlackTeam "Echiquier de l'Erdre"]
[WhiteFideId "615013"]
[BlackFideId "205559"]
[EventDate "2021.06.24"]

1. d4 Nf6 2. Nf3 e6 3. e3 d5 4. Bd3 Be7 5. O-O O-O 6. Nbd2 b6 7. Qe2 Bb7 8. e4
dxe4 9. Nxe4 Nbd7 10. Rd1 Nxe4 11. Bxe4 Bxe4 12. Qxe4 c5 13. Bf4 Nf6 14. Qe2 Qd5
15. dxc5 Qxc5 16. Be3 Qc7 17. c4 e5 18. Bg5 e4 19. Nd4 Rfe8 20. Nf5 Qe5 21.
Nxe7+ Rxe7 22. Be3 Qf5 23. h3 Nd7 24. Rd5 Qe6 25. Bd4 f5 26. Rd1 Rf8 27. f4 h6
28. a4 Qg6 29. Qe3 Qc6 30. b3 Rff7 31. a5 Kh7 32. Kh1 Re6 33. Kh2 Rd6 34. axb6
axb6 35. Bxg7 Rxd5 36. cxd5 Qc5 37. Bd4 Qxd5 38. Rc1 b5 39. Rc8 Rf8 40. Rc7 Rf7
41. Bb2 Nf8 42. Rc8 Ng6 43. Qc3 Qd7 44. Ra8 Qc7 45. Qg3 h5 46. Rg8 Qc6 47. Qxg6+
Qxg6 48. Rh8# 1-0

[Event "TCh-FRA Top 12 2021"]
[Site "Chalons en Champagne FRA"]
[Date "2021.06.28"]
[Round "5.3"]
[Board "4"]
[White "Hutois, Mickael"]
[Black "Apicella, Manuel"]
[Result "1-0"]
[WhiteTitle "FM"]
[BlackTitle "GM"]
[WhiteElo "2261"]
[BlackElo "2506"]
[WhiteTeam "Echiquier de l'Erdre"]
[BlackTeam "Grasse Echecs"]
[WhiteFideId "652091"]
[BlackFideId "600164"]
[EventDate "2021.06.24"]

1. e4 e6 2. Qe2 Nc6 3. Nf3 e5 4. g3 Nf6 5. Bg2 Bc5 6. c3 d6 7. O-O a5 8. d3 O-O
9. Be3 Qe7 10. Nbd2 Ng4 11. d4 Ba7 12. Rae1 Nxe3 13. fxe3 Bg4 14. h3 Bd7 15. Nh4
g6 16. Kh2 b5 17. Rf2 Rfb8 18. Ref1 Nd8 19. Nhf3 c5 20. d5 c4 21. h4 b4 22. Nxc4
bxc3 23. bxc3 Bb5 24. Nfd2 Rc8 25. Rb1 Ba6 26. Bf1 Rxc4 27. Nxc4 Rc8 28. Qg4 h5
29. Qh3 Rxc4 30. Bxc4 Bxc4 31. Qc8 Bd3 32. Rb7 Qxb7 33. Qxd8+ Kh7 34. Qf8 f5 35.
exf5 Bxe3 36. fxg6+ Bxg6 37. Rf6 Bh6 38. Qxd6 Qb2+ 39. Kh3 Qb1 40. Qd7+ Bg7 41.
Kh2 Be4 42. Rf3 1-0

[Event "TCh-FRA Top 12 2021"]
[Site "Chalons en Champagne FRA"]
[Date "2021.06.28"]
[Round "5.3"]
[Board "5"]
[White "Debray, Christopher"]
[Black "De Pierrefeu, Thibaut"]
[Result "1-0"]
[WhiteTitle "IM"]
[WhiteElo "2367"]
[BlackElo "2205"]
[WhiteTeam "Grasse Echecs"]
[BlackTeam "Echiquier de l'Erdre"]
[WhiteFideId "630810"]
[BlackFideId "2109093"]
[EventDate "2021.06.24"]

1. d4 Nf6 2. c4 c5 3. Nf3 cxd4 4. Nxd4 e5 5. Nb5 d5 6. cxd5 Bb4+ 7. N1c3 a6 8.
Qa4 Bxc3+ 9. Nxc3+ b5 10. Nxb5 O-O 11. Nc3 Nbd7 12. e4 Rb8 13. Be2 Nc5 14. Qc2
Rb4 15. f3 Nh5 16. Be3 Qa5 17. O-O f5 18. a3 1-0

[Event "TCh-FRA Top 12 2021"]
[Site "Chalons en Champagne FRA"]
[Date "2021.06.28"]
[Round "5.3"]
[Board "6"]
[White "Prodhomme, Boris"]
[Black "Travadon, Loic"]
[Result "0-1"]
[BlackTitle "IM"]
[WhiteElo "2031"]
[BlackElo "2415"]
[WhiteTeam "Echiquier de l'Erdre"]
[BlackTeam "Grasse Echecs"]
[WhiteFideId "640034"]
[BlackFideId "26092131"]
[EventDate "2021.06.24"]

1. d4 d5 2. c4 e6 3. Nc3 c6 4. Nf3 dxc4 5. a4 Bb4 6. e3 b5 7. Ne5 Nf6 8. Bd2 a5
9. axb5 Bxc3 10. bxc3 cxb5 11. Qb1 Ba6 12. Be2 O-O 13. O-O Qc7 14. Bf3 Ra7 15.
Qa2 a4 16. Bc1 Ne8 17. e4 Nd6 18. Ba3 Bb7 19. Qe2 Re8 20. Ng4 Nd7 21. e5 Bxf3
22. Qxf3 Nf5 23. Ne3 Qb7 24. Qg4 Nh6 25. Qf4 f6 26. Rab1 fxe5 27. dxe5 Qc6 28.
Rfd1 Nf7 29. Bd6 a3 30. Ng4 a2 31. Ra1 Nf8 32. Rd2 Ng6 33. Qe3 Rea8 34. g3 h5
35. Qe2 hxg4 36. Qxg4 Ngxe5 37. Qxe6 Nf3+ 0-1

[Event "TCh-FRA Top 12 2021"]
[Site "Chalons en Champagne FRA"]
[Date "2021.06.28"]
[Round "5.3"]
[Board "7"]
[White "Milliet, Sophie"]
[Black "Le Pen, Steven"]
[Result "0-1"]
[WhiteTitle "IM"]
[WhiteElo "2407"]
[BlackElo "2107"]
[WhiteTeam "Grasse Echecs"]
[BlackTeam "Echiquier de l'Erdre"]
[WhiteFideId "623725"]
[BlackFideId "612197"]
[EventDate "2021.06.24"]

1. e4 e5 2. Nf3 d6 3. d4 exd4 4. Nxd4 Nf6 5. Nc3 Be7 6. g3 d5 7. e5 Ng4 8. Bg2
O-O 9. O-O c5 10. Ndb5 d4 11. Nd5 Nc6 12. Bf4 Ngxe5 13. Nbc7 Rb8 14. Nxe7+ Qxe7
15. Nd5 Qd8 16. c4 Bg4 17. Qa4 Rc8 18. Bxe5 Nxe5 19. Qxa7 Nxc4 20. Qxb7 Nd6 21.
Qa7 Re8 22. b4 Be2 23. bxc5 Nb5 24. Qb6 Bxf1 25. Kxf1 Nc3 26. Qxd8 Rcxd8 27.
Nxc3 dxc3 28. Rc1 Re5 29. c6 Rc5 30. Rc2 Rd4 31. f4 f5 32. Ke2 Kf8 33. Ke3 Rd8
34. a4 Ke7 35. a5 Rd2 36. Rxc3 Rxc3+ 37. Kxd2 Ra3 38. Ke2 Kd6 39. Kf2 Ra2+ 40.
Kg1 Rxa5 41. h3 Rc5 42. Kh2 Rc3 43. g4 Ke6 44. Bh1 Kf6 45. Bd5 h6 46. Kg2 g5 47.
fxg5+ hxg5 48. gxf5 Kxf5 49. h4 gxh4 50. Kh2 Kf4 51. Bg2 Kg4 52. Bd5 Rc2+ 53.
Kg1 Kg3 54. Kf1 h3 55. Ke1 h2 56. Kd1 Rg2 0-1

[Event "TCh-FRA Top 12 2021"]
[Site "Chalons en Champagne FRA"]
[Date "2021.06.28"]
[Round "5.3"]
[Board "8"]
[White "Ruhlmann, Helene"]
[Black "Janzelj, Lara"]
[Result "1-0"]
[BlackTitle "WIM"]
[WhiteElo "1816"]
[BlackElo "2185"]
[WhiteTeam "Echiquier de l'Erdre"]
[BlackTeam "Grasse Echecs"]
[WhiteFideId "20643209"]
[BlackFideId "14608391"]
[EventDate "2021.06.24"]

1. d4 Nf6 2. c4 Nc6 3. Nc3 e5 4. d5 Ne7 5. e4 Ng6 6. Bd3 Bc5 7. Nf3 O-O 8. a3 a5
9. Rb1 d6 10. b4 axb4 11. axb4 Ba7 12. Be3 Bxe3 13. fxe3 Ng4 14. Qd2 Qe7 15. O-O
Bd7 16. Ne2 Nh4 17. Rbc1 Ra3 18. h3 Nh6 19. Ng3 Nxf3+ 20. Rxf3 Rfa8 21. Rff1 Qh4
22. Nf5 Bxf5 23. exf5 e4 24. Bc2 Qg5 25. Bxe4 f6 26. Bd3 Nf7 27. c5 Ne5 28. Rc3
Rxc3 1-0

[Event "TCh-FRA Top 12 2021"]
[Site "Chalons en Champagne FRA"]
[Date "2021.06.28"]
[Round "5.4"]
[Board "1"]
[White "Ragger, Markus"]
[Black "Alekseenko, Kirill"]
[Result "1/2-1/2"]
[WhiteTitle "GM"]
[BlackTitle "GM"]
[WhiteElo "2680"]
[BlackElo "2699"]
[WhiteTeam "Bischwiller"]
[BlackTeam "Asnieres Le Grand Echiquier"]
[WhiteFideId "1610856"]
[BlackFideId "4135539"]
[EventDate "2021.06.24"]

1. e4 e5 2. Nf3 Nc6 3. Bb5 g6 4. c3 a6 5. Ba4 Bg7 6. d4 exd4 7. cxd4 b5 8. Bc2
d5 9. Bg5 Nge7 10. Nc3 h6 11. Bxe7 Nxe7 12. e5 O-O 13. O-O Bg4 14. h3 Bxf3 15.
Qxf3 c5 16. dxc5 Qc7 17. Nxd5 Nxd5 18. Be4 Rad8 19. Bxd5 Bxe5 20. c6 Bxb2 1/2-1/2

[Event "TCh-FRA Top 12 2021"]
[Site "Chalons en Champagne FRA"]
[Date "2021.06.28"]
[Round "5.4"]
[Board "2"]
[White "Vachier-Lagrave, Maxime"]
[Black "Fressinet, Laurent"]
[Result "1-0"]
[WhiteTitle "GM"]
[BlackTitle "GM"]
[WhiteElo "2760"]
[BlackElo "2638"]
[WhiteTeam "Asnieres Le Grand Echiquier"]
[BlackTeam "Bischwiller"]
[WhiteFideId "623539"]
[BlackFideId "608742"]
[EventDate "2021.06.24"]

1. c4 Nf6 2. Nc3 c5 3. Nf3 e6 4. d4 cxd4 5. Nxd4 d5 6. Bf4 a6 7. e3 Nbd7 8. Qa4
dxc4 9. Bxc4 Bc5 10. Bxe6 O-O 11. Bxd7 Bxd7 12. Qd1 Bg4 13. Nde2 Qb6 14. Qc2
Rac8 15. O-O Qe6 16. Ng3 Nh5 17. Nxh5 Bxh5 18. Qe4 Qxe4 19. Nxe4 Rfd8 20. Be5
Bf8 21. Bc3 b5 22. a3 Rc4 23. Ng3 Bg6 24. Rfd1 Ra8 25. Ne2 f6 26. Nd4 Bf7 27. f3
Bc5 28. Kf2 Bxd4 29. Rxd4 Rxd4 30. Bxd4 Rc8 31. Bc3 Bb3 32. g4 Rd8 33. Bd4 Rc8
34. Kg3 Kf7 35. h4 h6 36. Rh1 Kg6 37. h5+ Kf7 38. Re1 Rc2 39. Bc3 a5 40. Bxa5
Rxb2 41. Bb4 Rc2 42. e4 Ke6 43. Kf4 Rc7 44. Re3 Bc2 45. Re2 Kf7 46. Rd2 Kg8 47.
Rd5 Rb7 48. Rd8+ Kh7 49. Ke3 Bb3 50. Rd6 Rc7 51. Rb6 Bc4 52. f4 Kg8 53. Rb8+ Kh7
54. Bd6 Rd7 55. e5 fxe5 56. Bxe5 Rd3+ 57. Kf2 Bd5 58. Rxb5 Bf3 59. Rb6 Be4 60.
Re6 Rf3+ 61. Ke1 Re3+ 62. Kd2 Rd3+ 63. Ke2 Rg3 64. Bxg7 Bd3+ 65. Kf2 Rxg4 66.
Bd4 Rh4 67. Re5 Bc2 68. Kg3 Rh1 69. Rc5 Bd3 70. a4 Be2 71. a5 Rxh5 72. Rxh5 Bxh5
73. a6 Bg6 74. a7 Be4 75. f5 Kg8 76. Kf4 Bb7 77. Bf6 1-0

[Event "TCh-FRA Top 12 2021"]
[Site "Chalons en Champagne FRA"]
[Date "2021.06.28"]
[Round "5.4"]
[Board "3"]
[White "Cheparinov, Ivan"]
[Black "Moussard, Jules"]
[Result "1-0"]
[WhiteTitle "GM"]
[BlackTitle "GM"]
[WhiteElo "2667"]
[BlackElo "2635"]
[WhiteTeam "Bischwiller"]
[BlackTeam "Asnieres Le Grand Echiquier"]
[WhiteFideId "2905540"]
[BlackFideId "642908"]
[EventDate "2021.06.24"]

1. d4 Nf6 2. c4 e6 3. Nf3 d5 4. g3 Bb4+ 5. Bd2 Be7 6. Bg2 O-O 7. O-O c6 8. Qc2
b6 9. Rd1 Bb7 10. b3 Ne4 11. Bf4 Nd7 12. Nc3 g5 13. Be3 f5 14. Nxe4 fxe4 15. Ne5
Nxe5 16. dxe5 Qb8 17. cxd5 cxd5 18. Rac1 Rc8 19. Qb2 Rxc1 20. Rxc1 Qd8 21. Bh3
Qd7 22. Qd2 h6 23. f4 exf3 24. Qc2 Kg7 25. Qc7 Bc8 26. Qxd7 Bxd7 27. Rc7 fxe2
28. Kf2 Rf8+ 29. Kxe2 Bb5+ 30. Kd1 Kf7 31. a4 Bd3 32. Kd2 Be4 33. Bg4 Ra8 34.
Bd4 Bf5 35. Bxf5 exf5 36. Ke3 h5 37. b4 Ke6 38. b5 f4+ 39. gxf4 gxf4+ 40. Kf3 a6
41. a5 axb5 42. axb6 Bd8 43. Rc6+ Ke7 44. e6 Rb8 45. Bc5+ Ke8 46. e7 Bxb6 47.
Rxb6 Rxb6 48. Bxb6 Kxe7 49. Kxf4 Ke6 50. h4 b4 51. Bd4 Kd6 52. Kf5 b3 53. Kf6 1-0

[Event "TCh-FRA Top 12 2021"]
[Site "Chalons en Champagne FRA"]
[Date "2021.06.28"]
[Round "5.4"]
[Board "4"]
[White "Movsesian, Sergei"]
[Black "Naiditsch, Arkadij"]
[Result "0-1"]
[WhiteTitle "GM"]
[BlackTitle "GM"]
[WhiteElo "2647"]
[BlackElo "2649"]
[WhiteTeam "Asnieres Le Grand Echiquier"]
[BlackTeam "Bischwiller"]
[WhiteFideId "310204"]
[BlackFideId "4650891"]
[EventDate "2021.06.24"]

1. e4 e5 2. Nf3 Nc6 3. Bc4 Bc5 4. O-O Nf6 5. d3 h6 6. Be3 Bxe3 7. fxe3 d6 8. Qe1
Be6 9. Nbd2 O-O 10. Nh4 Kh7 11. a3 a6 12. Qg3 Nh5 13. Qf2 Bxc4 14. Nxc4 g6 15.
Nf3 f5 16. exf5 gxf5 17. d4 e4 18. d5 Ne7 19. Qh4 Qe8 20. Nd4 Ng7 21. g4 Nxd5
22. gxf5 b5 23. f6 Qg6+ 24. Kh1 Nxf6 25. Rg1 Qh5 26. Qg3 Rg8 27. Nd2 Ne6 28. Qf2
Ng4 29. Qg2 Nxd4 30. Nxe4 Nf3 0-1

[Event "TCh-FRA Top 12 2021"]
[Site "Chalons en Champagne FRA"]
[Date "2021.06.28"]
[Round "5.4"]
[Board "5"]
[White "Bacrot, Etienne"]
[Black "Oparin, Grigoriy"]
[Result "1/2-1/2"]
[WhiteTitle "GM"]
[BlackTitle "GM"]
[WhiteElo "2678"]
[BlackElo "2654"]
[WhiteTeam "Bischwiller"]
[BlackTeam "Asnieres Le Grand Echiquier"]
[WhiteFideId "605506"]
[BlackFideId "24125890"]
[EventDate "2021.06.24"]

1. e4 c5 2. Nf3 d6 3. Bb5+ Bd7 4. Bxd7+ Nxd7 5. O-O Ngf6 6. Qe2 e6 7. d4 cxd4 8.
Nxd4 Be7 9. c4 Qa5 10. Rd1 a6 11. b3 Qh5 12. Qxh5 Nxh5 13. Nc3 Rc8 14. Nde2 g5
15. f3 Rg8 16. h3 Nhf6 17. Kf2 h5 18. Be3 Ne5 19. Rac1 Nfd7 20. Ng3 Rh8 21. Ke2
f6 22. Nh1 Kf7 23. Nf2 Rc6 24. Nd3 1/2-1/2

[Event "TCh-FRA Top 12 2021"]
[Site "Chalons en Champagne FRA"]
[Date "2021.06.28"]
[Round "5.4"]
[Board "6"]
[White "Gozzoli, Yannick"]
[Black "Maze, Sebastien"]
[Result "1/2-1/2"]
[WhiteTitle "GM"]
[BlackTitle "GM"]
[WhiteElo "2600"]
[BlackElo "2539"]
[WhiteTeam "Asnieres Le Grand Echiquier"]
[BlackTeam "Bischwiller"]
[WhiteFideId "616915"]
[BlackFideId "613762"]
[EventDate "2021.06.24"]

1. d4 Nf6 2. c4 e6 3. Nf3 d5 4. Nc3 Be7 5. Bg5 h6 6. Bh4 O-O 7. e3 b6 8. Bd3 Bb7
9. O-O Nbd7 10. Qe2 a6 11. Rfd1 Re8 12. Rac1 c5 13. dxc5 bxc5 14. Bc2 Qa5 15. a3
Rac8 16. Bb3 Nb6 17. cxd5 Nfxd5 18. Bxe7 Nxe7 19. Bc2 c4 20. e4 Ng6 21. Qe3 Red8
22. Rd2 Rxd2 23. Qxd2 Qc5 24. Rd1 Nf8 25. Qf4 Qc7 26. Qxc7 Rxc7 27. Kf1 Nfd7 28.
Ke2 Kf8 29. Nd4 Nc5 30. f4 Ke7 31. g3 g6 32. Nf3 Bc6 33. Ke3 Ba4 34. Nxa4 1/2-1/2

[Event "TCh-FRA Top 12 2021"]
[Site "Chalons en Champagne FRA"]
[Date "2021.06.28"]
[Round "5.4"]
[Board "8"]
[White "Guichard, Pauline"]
[Black "Sebag, Marie"]
[Result "0-1"]
[WhiteTitle "IM"]
[BlackTitle "GM"]
[WhiteElo "2413"]
[BlackElo "2438"]
[WhiteTeam "Asnieres Le Grand Echiquier"]
[BlackTeam "Bischwiller"]
[WhiteFideId "639370"]
[BlackFideId "617822"]
[EventDate "2021.06.24"]

1. d4 d5 2. c4 c6 3. Nc3 Nf6 4. e3 e6 5. Nf3 Nbd7 6. Be2 Bd6 7. O-O O-O 8. b3 b6
9. Bb2 Bb7 10. Bd3 Qe7 11. Re1 c5 12. cxd5 exd5 13. Ne2 Ne4 14. Ng3 f5 15. Qe2
Rad8 16. Red1 Qe6 17. a4 a5 18. Rac1 Ndf6 19. Rc2 Ng4 20. Qe1 Qh6 21. Nf1 cxd4
22. Bxd4 Bb4 23. Qe2 Ngxf2 24. Rc7 Rf7 25. Rxf7 Kxf7 26. Rc1 Bc5 27. Ng3 Nxd3
28. Qxd3 Bc8 29. Ne2 Kg8 30. Nf4 g5 31. Ne2 g4 32. Nd2 Ba6 33. Qxa6 Bxd4 34. Rc8
Qxe3+ 0-1

[Event "TCh-FRA Top 12 2021"]
[Site "Chalons en Champagne FRA"]
[Date "2021.06.28"]
[Round "5.5"]
[Board "1"]
[White "Lagarde, Maxime"]
[Black "Sochacki, Christophe"]
[Result "1-0"]
[WhiteTitle "GM"]
[BlackTitle "IM"]
[WhiteElo "2648"]
[BlackElo "2494"]
[WhiteTeam "C'Chartres Echecs"]
[BlackTeam "US Villejuif Echecs"]
[WhiteFideId "662399"]
[BlackFideId "662569"]
[EventDate "2021.06.24"]

1. e4 c6 2. Nf3 d5 3. d3 dxe4 4. dxe4 Qxd1+ 5. Kxd1 Nf6 6. Nbd2 g6 7. Ne1 Bg7 8.
a4 b6 9. f3 Ba6 10. Bxa6 Nxa6 11. c3 O-O-O 12. Kc2 Nd7 13. Nd3 Bh6 14. b4 c5 15.
b5 Bxd2 16. Bxd2 Nc7 17. Nb2 f6 18. Nc4 Ne5 19. Nxe5 fxe5 20. Bh6 Rhg8 21. h4
Kd7 22. Rhb1 a5 23. Rd1+ Ke6 24. f4 Rxd1 25. Rxd1 Rc8 26. g3 Ne8 27. fxe5 Nc7
28. Bf4 Rh8 29. Kb3 h6 30. Rh1 Na8 31. Kc4 Nc7 32. Rd1 Na8 33. Be3 Nc7 34. Bxc5
bxc5 35. b6 Na6 36. Kb5 Nb8 37. Kxa5 Kxe5 38. Kb5 Kxe4 39. a5 Kf3 40. b7 e5 41.
Rd6 g5 42. a6 Nxa6 43. Kxa6 Kxg3 44. Rc6 Rb8 45. hxg5 hxg5 46. Rxc5 Kf4 47. Rc8
Rxb7 48. Kxb7 g4 49. c4 g3 50. c5 e4 51. Rf8+ Ke3 52. c6 g2 53. Rg8 1-0

[Event "TCh-FRA Top 12 2021"]
[Site "Chalons en Champagne FRA"]
[Date "2021.06.28"]
[Round "5.5"]
[Board "2"]
[White "Dourerassou, Jonathan"]
[Black "Mamedov, Rauf"]
[Result "0-1"]
[WhiteTitle "GM"]
[BlackTitle "GM"]
[WhiteElo "2477"]
[BlackElo "2654"]
[WhiteTeam "US Villejuif Echecs"]
[BlackTeam "C'Chartres Echecs"]
[WhiteFideId "628050"]
[BlackFideId "13401653"]
[EventDate "2021.06.24"]

1. e4 c5 2. Nf3 g6 3. c3 d5 4. exd5 Qxd5 5. d4 Bg7 6. Be3 cxd4 7. Bxd4 Nf6 8.
Qb3 O-O 9. Qxd5 Nxd5 10. Bxg7 Kxg7 11. Nbd2 Nc6 12. Bc4 Rd8 13. Bxd5 Rxd5 14.
O-O-O Bf5 15. Nc4 Be6 16. Ne3 Rxd1+ 17. Rxd1 Bxa2 18. Rd7 Rb8 19. c4 Na5 20. Rc7
Bb3 21. Nd2 Kf8 22. Rc5 b6 23. Rc7 a6 24. Nf3 b5 25. Ne5 Rb7 26. Rxb7 Nxb7 27.
cxb5 axb5 28. Kd2 f6 29. Kc3 Be6 30. Nd3 Nd6 31. Kb4 Ke8 32. Nc5 Bf7 33. Nc2 Bc4
34. b3 Bd5 35. f3 e5 36. Ne3 Bf7 37. Ne4 Nxe4 38. fxe4 Kd7 39. Nd1 f5 40. exf5
gxf5 41. Nc3 f4 42. Kxb5 Bxb3 43. Kc5 Ke6 44. Ne4 Bc2 45. Nf2 Kf5 46. Kc4 e4 47.
Kc3 e3 48. Nd3 Bxd3 49. Kxd3 Kg4 50. Ke2 h5 51. Ke1 h4 52. Ke2 h3 0-1

[Event "TCh-FRA Top 12 2021"]
[Site "Chalons en Champagne FRA"]
[Date "2021.06.28"]
[Round "5.5"]
[Board "3"]
[White "Guliyev, Namig"]
[Black "Eden, James"]
[Result "1-0"]
[WhiteTitle "GM"]
[BlackTitle "IM"]
[WhiteElo "2551"]
[BlackElo "2294"]
[WhiteTeam "C'Chartres Echecs"]
[BlackTeam "US Villejuif Echecs"]
[WhiteFideId "13400363"]
[BlackFideId "666491"]
[EventDate "2021.06.24"]

1. e4 e5 2. Nf3 Nc6 3. Bb5 Nf6 4. O-O Nxe4 5. Re1 Nd6 6. a4 Be7 7. Nc3 O-O 8. d4
Nxb5 9. axb5 Nxd4 10. Nxd4 exd4 11. Nd5 Re8 12. Qe2 Kf8 13. Qh5 Kg8 14. Bg5 Bxg5
15. Qxg5 h6 16. Rxe8+ Qxe8 17. Qg3 Qe2 18. Nxc7 d3 19. Nxa8 dxc2 20. Qe3 Qd1+
21. Qe1 Qd6 22. Qe8+ Kh7 23. Qe4+ 1-0

[Event "TCh-FRA Top 12 2021"]
[Site "Chalons en Champagne FRA"]
[Date "2021.06.28"]
[Round "5.5"]
[Board "4"]
[White "Dutreuil, Raphael"]
[Black "Bauer, Christian"]
[Result "0-1"]
[WhiteTitle "FM"]
[BlackTitle "GM"]
[WhiteElo "2309"]
[BlackElo "2639"]
[WhiteTeam "US Villejuif Echecs"]
[BlackTeam "C'Chartres Echecs"]
[WhiteFideId "20630999"]
[BlackFideId "603767"]
[EventDate "2021.06.24"]

1. Nf3 c5 2. g3 Nc6 3. d4 cxd4 4. Nxd4 g6 5. Bg2 Bg7 6. Nxc6 bxc6 7. c4 Rb8 8.
Nd2 Nf6 9. O-O O-O 10. Nb3 Ba6 11. Bf4 Rb4 12. c5 Nd5 13. Qd2 Ra4 14. Rfd1 Nxf4
15. gxf4 Qb8 16. e3 e5 17. f5 e4 18. Qxd7 Bd3 19. Nd4 Bxd4 20. exd4 Qxb2 21. d5
e3 22. fxe3 Rg4 0-1

[Event "TCh-FRA Top 12 2021"]
[Site "Chalons en Champagne FRA"]
[Date "2021.06.28"]
[Round "5.5"]
[Board "5"]
[White "Maurizzi, Marc Andria"]
[Black "Maatoug, Redwan"]
[Result "1-0"]
[WhiteTitle "IM"]
[WhiteElo "2503"]
[BlackElo "2202"]
[WhiteTeam "C'Chartres Echecs"]
[BlackTeam "US Villejuif Echecs"]
[WhiteFideId "36083534"]
[BlackFideId "629162"]
[EventDate "2021.06.24"]

1. d4 f5 2. g3 Nf6 3. Bg2 g6 4. Nf3 Bg7 5. O-O O-O 6. Nbd2 d5 7. c4 e6 8. Ne5 c6
9. Qc2 Ne4 10. Ndf3 a5 11. Nd3 Nd7 12. Nfe5 Nxe5 13. dxe5 Ng5 14. Be3 Nf7 15.
Bd4 g5 16. a3 h5 17. b4 h4 18. Qc3 hxg3 19. hxg3 Nh6 20. cxd5 cxd5 21. Bf3 f4
22. g4 Bd7 23. Rfc1 Rc8 24. Qb2 Rxc1+ 25. Rxc1 axb4 26. axb4 Bb5 27. Nc5 Qe7 28.
Qa2 Nf7 29. Qb2 Rc8 30. Ra1 b6 31. Nd3 Qb7 32. Kg2 Rc4 33. Rh1 Nd8 34. Qa1 Nc6
35. Bb2 Ne7 36. Rh5 Ng6 37. Rxg5 Nh4+ 38. Kh3 Nxf3 39. exf3 Qe7 40. Rg6 Be8 41.
Qa8 Kh7 42. Rf6 Rc2 43. Qa1 Bb5 44. Nxf4 Qxb4 45. Nxe6 Bxf6 46. exf6 Bd7 47. Qa7
Qd6 48. f7 Rxf2 49. f4 Rxf4 50. f8=Q Rxf8 51. Qxd7+ 1-0

[Event "TCh-FRA Top 12 2021"]
[Site "Chalons en Champagne FRA"]
[Date "2021.06.28"]
[Round "5.5"]
[Board "6"]
[White "Cantin, Loic"]
[Black "Daulyte-Cornette, Deimante"]
[Result "1/2-1/2"]
[BlackTitle "IM"]
[WhiteElo "2182"]
[BlackElo "2394"]
[WhiteTeam "US Villejuif Echecs"]
[BlackTeam "C'Chartres Echecs"]
[WhiteFideId "679070"]
[BlackFideId "12802859"]
[EventDate "2021.06.24"]

1. Nf3 c5 2. e3 d5 3. d4 e6 4. a3 Nf6 5. dxc5 Bxc5 6. b4 Be7 7. Bb2 a5 8. b5
Nbd7 9. Nbd2 O-O 10. c4 a4 11. Be2 Nc5 12. O-O Bd7 13. Rb1 Qc8 14. Qc2 h6 15.
Rfc1 b6 16. Nd4 Re8 17. cxd5 exd5 18. Bf3 Bd6 19. Qd1 Be5 20. Nf1 Ra7 21. Ng3
Rc7 22. Rc2 Nfe4 23. Rbc1 Qd8 24. Bxe4 dxe4 25. Nc6 Bxc6 26. Qxd8 Rxd8 27. Bxe5
Re7 28. Bxg7 Kxg7 29. Nf5+ Kf6 30. Nxe7 Bxb5 31. Nc8 Rxc8 32. Rb1 Rd8 33. h4 Nb3
34. Kh2 Rd6 35. Rbb2 Rc6 36. f3 Ke5 37. h5 exf3 38. gxf3 Rf6 39. Kg3 Rf5 40. Rh2
Bc6 41. e4 Rg5+ 42. Kf2 Kd4 43. Rh1 Kc3 44. Rbb1 Rc5 45. Ke3 Kc2 46. Rbd1 b5 47.
Rd6 Rc3+ 48. Kf4 b4 49. axb4 a3 50. Rxh6 a2 51. Rd6 Bb5 52. Rd8 Rc6 53. Ra8 Ra6
54. Rxa6 Bxa6 55. h6 Nc1 56. h7 a1=Q 57. h8=Q f6 58. Kg4 Qc3 59. Rh2+ Ne2 60.
Qf8 Bc8+ 61. Kh4 Qe1+ 62. Kh5 Ba6 63. b5 Qf1 64. Qc5+ Kd1 65. Qd6+ Kc1 66. bxa6
Qxf3+ 67. Kh6 Qxe4 68. Qc7+ Kd1 69. a7 Nd4 70. Rh5 Qe3+ 71. Kg6 Qe4+ 72. Kxf6
Qf3+ 73. Kg6 Qg4+ 74. Rg5 Qe4+ 75. Kf6 Qf3+ 76. Ke7 Qe4+ 77. Kf6 Qf3+ 78. Ke5
Qe3+ 79. Kd5 Qxg5+ 80. Kxd4 Qd2+ 81. Kc5 Qc3+ 82. Kb6 Qb4+ 83. Kc6 Qe4+ 84. Kd7
Qf5+ 85. Ke8 Qe6+ 86. Qe7 Qg6+ 87. Kd8 Qb6+ 88. Qc7 Qf6+ 89. Kc8 Qa6+ 90. Kd7
Qa4+ 91. Ke6 Qg4+ 92. Kf6 Qh4+ 93. Ke6 1/2-1/2

[Event "TCh-FRA Top 12 2021"]
[Site "Chalons en Champagne FRA"]
[Date "2021.06.28"]
[Round "5.5"]
[Board "7"]
[White "Devallee, Jeremie"]
[Black "Caille, Hugo"]
[Result "1-0"]
[WhiteTitle "FM"]
[WhiteElo "2220"]
[BlackElo "2182"]
[WhiteTeam "C'Chartres Echecs"]
[BlackTeam "US Villejuif Echecs"]
[WhiteFideId "665240"]
[BlackFideId "20681348"]
[EventDate "2021.06.24"]

1. e4 c6 2. d4 d5 3. Nc3 dxe4 4. Nxe4 Nf6 5. Nxf6+ exf6 6. c3 Bd6 7. Bd3 O-O 8.
Qc2 Re8+ 9. Ne2 h5 10. Bd2 Nd7 11. O-O-O Nf8 12. Kb1 Be6 13. Nf4 Bxf4 14. Bxf4
b5 15. h4 a5 16. f3 a4 17. Ka1 Bb3 18. Qf2 Bxd1 19. Rxd1 Ne6 20. Bc1 Qd6 21. g4
hxg4 22. fxg4 b4 23. g5 a3 24. gxf6 axb2+ 25. Bxb2 bxc3 26. Bxc3 Qf4 27. Qc2
Qxh4 28. Be4 Ra6 29. d5 cxd5 30. Bxd5 Qa4 31. Bb3 Qc6 32. fxg7 Rc8 33. Rd3 Nd4
34. Bxf7+ Kxf7 35. Qf2+ Qf6 36. Qxf6+ Kxf6 37. Bxd4+ Ke7 38. Re3+ Re6 39. Rf3
Rg8 40. Rf8 Rxg7 41. Bxg7 Re1+ 42. Kb2 Re2+ 43. Kb3 Re3+ 44. Kb4 Re4+ 45. Kb5 1-0